La revue de Paris
Saved in:
| Main Author: | |
|---|---|
| Format: | Journal |
| Language: | French |
| Published: |
París :
[s.n.],
|
| Subjects: |
| LEADER | 00620cas#a2200241#a#4500 | ||
|---|---|---|---|
| 001 | 016454 | ||
| 005 | 20191128142740.0 | ||
| 008 | 011012c1964####fr####p#############fre#d | ||
| 999 | |c 27105 |d 109911 | ||
| 040 | |a AR-beUNQ |e aacr | ||
| 099 | |a P-FR-REV4 [Fondo Reservado] | ||
| 100 | 1 | |a Fels, André de | |
| 245 | 1 | 3 | |a La revue de Paris |c André de Fels. |
| 260 | |a París : |b [s.n.], | ||
| 300 | |a v. | ||
| 592 | |a Fondo Reservado | ||
| 650 | 7 | |a INFORMACION Política |2 Spines | |
| 650 | 7 | |a CULTURA |2 Spines | |
| 650 | 7 | |a Sociología |2 Spines | |
| 651 | 7 | |a FRANCIA |2 Spines | |
| 866 | 0 | |a 1964 71(3) | |
| 929 | |j 30158 | ||
| 942 | |c REV |n 0 | ||